[Event "Canada vs. Venezuela"]
[Site "CCCA"]
[Date "2014.10.15"]
[Round "1"]
[White "Morrell, Gordon"]
[Black "Vélez, Roman"]
[Result "1/2-1/2"]
[WhiteElo "2245"]
[BlackElo "2179"]
[EventDate "2014.10.15"]
[Board "5"]
[WhiteTeam "Canada"]
[BlackTeam "Venezuela"]

1.d4 Nf6 2.c4 e6 3.Nf3 b6 4.Bf4 Bb7 5.e3 Be7 6.Nc3 Nh5 7.Bg3 d6 8.Bd3 Nd7 
9.Qc2 g6 10.e4 f5 11.h3 Nxg3 12.fxg3 Bf6 13.O-O-O O-O 14.exf5 exf5 15.g4 
Bxf3 16.gxf3 Bxd4 17.Ne2 Bg7 18.gxf5 Nc5 19.fxg6 Rxf3 20.gxh7+ Kh8 21.Nc3 
Qh4 22.Be2 Rxh3 23.Rxh3 Qxh3 24.Nd5 Qe6 25.Nxc7 Qe3+ 26.Kb1 Rf8 27.Nd5 Qe5
1/2-1/2

[Event "Canada vs. Venezuela"]
[Site "CCCA"]
[Date "2014.10.15"]
[Round "2"]
[White "Vélez, Roman"]
[Black "Morrell, Gordon"]
[Result "1/2-1/2"]
[WhiteElo "2179"]
[BlackElo "2245"]
[EventDate "2014.10.15"]
[Board "5"]
[WhiteTeam "Venezuela"]
[BlackTeam "Canada"]

1.e4 c5 2.Nf3 Nc6 3.d4 cxd4 4.Nxd4 e5 5.Nb5 d6 6.N1c3 a6 7.Na3 b5 8.Nd5 
Nf6 9.Bg5 Be7 10.Bxf6 Bxf6 11.c3 Bg5 12.Nc2 Ne7 13.Ncb4 O-O 14.Be2 a5 15.
Nxe7+ Qxe7 16.Nd5 Qb7 17.Qd3 b4 18.h4 Bd8 19.g3 Be6 20.Rd1 bxc3 21.bxc3 f5
22.O-O Rc8 23.exf5 Bxf5 24.Qa6 Qxa6 25.Bxa6 Rc5 26.Ne3 Bh3 27.Rfe1 Bc7 28.
c4 Bd7 29.Bb7 Kh8 30.Rb1 Rb8 31.Bf3 Rf8 32.Bd5 g6 33.Kg2 Rb8 34.Rxb8+ 
1/2-1/2

[Event "Canada vs. Venezuela"]
[Site "CCCA"]
[Date "2014.10.15"]
[Round "1"]
[White "Sadler, Craig"]
[Black "Reyes Maldonado, César Jesús"]
[Result "1/2-1/2"]
[WhiteElo "2322"]
[BlackElo "2334"]
[EventDate "2014.10.15"]
[Board "1"]
[WhiteTeam "Canada"]
[BlackTeam "Venezuela"]

1.d4 Nf6 2.c4 e6 3.Nf3 b6 4.g3 Ba6 5.b3 Bb4+ 6.Bd2 Be7 7.Bg2 c6 8.O-O d5 
9.Nc3 O-O 10.Rc1 Nbd7 11.Bf4 Rc8 12.Qc2 Nh5 13.Be3 h6 14.Ne5 Nhf6 15.f4 
Ba3 16.Rcd1 Qc7 17.Bh3 Bd6 18.a3 Rfe8 19.Bf2 Bf8 20.Rc1 Bb7 21.cxd5 cxd5 
22.Qb2 Qd8 23.b4 Nxe5 24.fxe5 Ne4 25.Nxe4 dxe4 26.Rxc8 Qxc8 27.Rc1 Qd7 28.
Bg2 Rc8 29.Rxc8 Qxc8 30.e3 b5 31.Bf1 a6 32.Be2 1/2-1/2

[Event "Canada vs. Venezuela"]
[Site "CCCA"]
[Date "2014.10.15"]
[Round "2"]
[White "Reyes Maldonado, César Jesús"]
[Black "Sadler, Craig"]
[Result "1/2-1/2"]
[WhiteElo "2334"]
[BlackElo "2322"]
[EventDate "2014.10.15"]
[Board "1"]
[WhiteTeam "Venezuela"]
[BlackTeam "Canada"]

1.e4 e5 2.Nf3 Nc6 3.Bb5 a6 4.Ba4 Nf6 5.O-O Be7 6.Re1 b5 7.Bb3 O-O 8.h3 Bb7
9.d3 d6 10.a3 Na5 11.Ba2 c5 12.Nbd2 Nc6 13.Nf1 Bc8 14.c3 Be6 15.Bxe6 fxe6 
16.b4 Qe8 17.Qb3 d5 18.Ng3 c4 19.dxc4 dxc4 20.Qb2 a5 21.Be3 a4 22.Qe2 Qg6 
23.Bg5 Rfd8 24.Red1 Qf7 25.Rac1 Qe8 26.Bxf6 gxf6 27.Nh2 Qg6 28.Rc2 Rxd1+ 
29.Qxd1 Rd8 30.Rd2 1/2-1/2

[Event "Canada vs. Venezuela"]
[Site "CCCA"]
[Date "2014.10.15"]
[Round "1"]
[White "Akwei, Loving"]
[Black "Eman, Juan"]
[Result "1/2-1/2"]
[WhiteElo "2264"]
[BlackElo "2227"]
[EventDate "2014.10.15"]
[Board "3"]
[WhiteTeam "Canada"]
[BlackTeam "Venezuela"]

1.e4 c6 2.d4 d5 3.e5 Bf5 4.Nf3 e6 5.Be2 c5 6.Be3 Qb6 7.Nc3 Nc6 8.O-O Qxb2 
9.Qe1 c4 10.Rb1 Qxc2 11.Rxb7 Bb4 12.Rxb4 Nxb4 13.Bd1 Qd3 14.Be2 1/2-1/2

[Event "Canada vs. Venezuela"]
[Site "CCCA"]
[Date "2014.10.15"]
[Round "2"]
[White "Eman, Juan"]
[Black "Akwei, Loving"]
[Result "1/2-1/2"]
[WhiteElo "2227"]
[BlackElo "2264"]
[EventDate "2014.10.15"]
[Board "3"]
[WhiteTeam "Venezuela"]
[BlackTeam "Canada"]

1.d4 Nf6 2.Bg5 c5 3.Bxf6 exf6 4.Nc3 d5 5.e3 Nc6 6.Nge2 Be6 7.g3 cxd4 8.
exd4 Bd6 9.Bg2 Ne7 10.O-O Rc8 11.Qd2 O-O 12.Nf4 Bxf4 13.Qxf4 Qb6 14.Rab1 
Rfd8 15.Rfd1 Qa5 16.Bf1 Nf5 17.Bd3 Nd6 18.a3 Nc4 19.Ne2 Rc6 20.Qh4 h6 21.
Qh5 Qc7 22.Nf4 Rb6 23.Nxe6 fxe6 24.Qg6 f5 25.b3 Nxa3 26.Ra1 Qd6 27.Ra2 Qb4
28.Rda1 Nb5 29.Bxb5 Qxb5 30.Rxa7 Qe8 31.Qxe8+ Rxe8 32.Kg2 Rc8 33.Ra8 Rc6 
34.Rxc8+ Rxc8 35.Ra2 Kf8 36.Kf3 Kf7 37.Ke3 1/2-1/2

[Event "Canada vs. Venezuela"]
[Site "CCCA"]
[Date "2014.10.15"]
[Round "1"]
[White "Kaminski, Patti"]
[Black "Suinaga, Williams Jose"]
[Result "0-1"]
[WhiteElo "1663"]
[BlackElo "1721"]
[EventDate "2014.10.15"]
[Board "18"]
[WhiteTeam "Canada"]
[BlackTeam "Venezuela"]
[Termination "time forfeit"]

1.d4 Nf6 2.c4 g6 3.Nc3 Bg7 4.e4 d6 5.Nf3 O-O 6.Be2 Nbd7 7.O-O c5 8.d5 a6 
9.h3 Rb8 10.a4 Nb6 11.Be3 Bd7 12.e5 dxe5 13.Ng5 h6 14.Nge4 Nxe4 15.Nxe4 
Rc8 16.b3 f5 0-1

[Event "Canada vs. Venezuela"]
[Site "CCCA"]
[Date "2014.10.15"]
[Round "2"]
[White "Suinaga, Williams Jose"]
[Black "Kaminski, Patti"]
[Result "1-0"]
[WhiteElo "1721"]
[BlackElo "1663"]
[EventDate "2014.10.15"]
[Board "18"]
[WhiteTeam "Venezuela"]
[BlackTeam "Canada"]
[Termination "time forfeit"]

1.e4 c5 2.f4 d5 3.e5 Nc6 4.Nf3 Bg4 5.g3 e6 6.Bg2 Nge7 7.O-O g6 8.Nc3 Nf5 
9.Qe1 c4 10.h3 Bc5+ 11.Kh2 Bh5 12.g4 Ncd4 13.Qd1 Nxf3+ 14.Bxf3 Nd4 15.gxh5
1-0

[Event "Canada vs. Venezuela"]
[Site "CCCA"]
[Date "2014.10.15"]
[Round "1"]
[White "Fortin, Michel"]
[Black "Acacio, Arcenio"]
[Result "1-0"]
[WhiteElo "1645"]
[BlackElo "1681"]
[EventDate "2014.10.15"]
[Board "20"]
[WhiteTeam "Canada"]
[BlackTeam "Venezuela"]

1.Nf3 Nf6 2.g3 d5 3.Bg2 e6 4.O-O Be7 5.c4 c6 6.d4 O-O 7.Qc2 Nbd7 8.Nbd2 h6
9.e4 dxe4 10.Nxe4 Nxe4 11.Qxe4 Nf6 12.Qe2 c5 13.Rd1 cxd4 14.Nxd4 Qc7 15.
Bf4 Qb6 16.Nb3 Bd7 17.Be3 Qc7 18.Rac1 Bc6 19.f3 b6 20.Qf2 Rad8 21.Nd4 Ba8 
22.Rf1 Bc5 23.a3 e5 24.Nb5 Qe7 25.b4 Bxe3 26.Qxe3 Rd7 27.Rfd1 Rfd8 28.Qe2 
a6 29.Nc3 Rxd1+ 30.Rxd1 Rxd1+ 31.Qxd1 e4 32.fxe4 Bxe4 33.Nxe4 Nxe4 34.Qd4 
Ng5 35.Kf2 Qc7 36.Qd5 Qe7 37.c5 Qf6+ 38.Ke2 Qb2+ 39.Qd2 Qe5+ 40.Qe3 Qb2+ 
41.Kf1 Qa1+ 42.Kf2 bxc5 43.bxc5 Qb2+ 44.Kg1 Qa1+ 45.Bf1 Qd4 46.Qxd4 Nf3+ 
47.Kf2 Nxd4 48.Bxa6 Kf8 49.a4 Ke8 50.Ke3 Ne6 51.c6 Kd8 52.Bb5 Kc7 53.Ke4 
Kb6 54.Kd5 g6 55.Kd6 g5 56.Ke7 g4 57.Kxf7 Ng5+ 58.Kg6 Ne6 59.Kxh6 Nc7 60.
Kh5 Ka5 61.Kxg4 1-0

[Event "Canada vs. Venezuela"]
[Site "CCCA"]
[Date "2014.10.15"]
[Round "2"]
[White "Acacio, Arcenio"]
[Black "Fortin, Michel"]
[Result "1/2-1/2"]
[WhiteElo "1681"]
[BlackElo "1645"]
[EventDate "2014.10.15"]
[Board "20"]
[WhiteTeam "Venezuela"]
[BlackTeam "Canada"]

1.e4 g6 2.d4 Bg7 3.Nf3 d6 4.Bc4 Nf6 5.O-O O-O 6.Nc3 Nxe4 7.Nxe4 d5 8.Bd3 
dxe4 9.Bxe4 c5 10.Be3 Qc7 11.c3 Nd7 12.Re1 Nf6 13.Bc2 Rd8 14.Rc1 b6 15.Qe2
Bb7 16.Bg5 Re8 17.h3 Rad8 18.Ne5 Qb8 19.Qd2 Qa8 20.f3 cxd4 21.cxd4 Bd5 22.
b3 Qb7 23.Bh6 Rd6 24.Bxg7 Kxg7 25.Bd1 Red8 26.Rc3 Be6 27.Rd3 Bf5 28.Rde3 
Rxd4 29.Qc1 Rc8 30.Qb2 Rcd8 31.Be2 Be6 32.Ng4 h5 33.Ne5 Rd2 34.Qa1 Kg8 35.
Nxg6 Kg7 36.Nf4 Kf8 37.Nxe6+ fxe6 38.Rxe6 R8d6 39.Bc4 Rxe6 40.Rxe6 Qd7 41.
Rxf6+ exf6 42.Qxf6+ Ke8 43.Qg6+ Kd8 44.Qf6+ Kc7 45.Qe5+ Kd8 46.Qxh5 Rd1+ 
47.Kf2 Qd4+ 48.Kg3 Qd6+ 49.Kf2 Qd4+ 50.Kg3 Qd6+ 51.Kf2 Qd4+ 52.Kg3 Qd6+ 
53.Kf2 Qd4+ 54.Kg3 Qd6+ 1/2-1/2

[Event "Canada vs. Venezuela"]
[Site "CCCA"]
[Date "2014.10.15"]
[Round "1"]
[White "Bukowski, George"]
[Black "Marin, Efren"]
[Result "1-0"]
[WhiteElo "2082"]
[BlackElo "2018"]
[EventDate "2014.10.15"]
[Board "9"]
[WhiteTeam "Canada"]
[BlackTeam "Venezuela"]

1.d4 d5 2.c4 e6 3.Nf3 Nf6 4.Nc3 c6 5.e3 Nbd7 6.Qc2 Bd6 7.g4 Nxg4 8.Rg1 Qf6
9.Rxg4 Qxf3 10.Rxg7 Nf6 11.Rg5 Qh1 12.Bd2 Bd7 13.O-O-O Qxh2 14.f3 O-O-O 
15.Rg2 Qh6 16.Kb1 dxc4 17.Bxc4 Rdg8 18.Re2 Qh5 19.e4 Bc7 20.Ree1 Rg2 21.
Qc1 Ne8 22.Bf1 Rh2 23.d5 Qxf3 24.Ka1 e5 25.Be3 Kb8 26.dxc6 Bxc6 27.Bg1 Rh4
28.Bb5 Qf6 29.Nd5 Bxd5 30.Rxd5 Rf4 31.Bxe8 Rxe8 32.Bxa7+ 1-0

[Event "Canada vs. Venezuela"]
[Site "CCCA"]
[Date "2014.10.15"]
[Round "2"]
[White "Marin, Efren"]
[Black "Bukowski, George"]
[Result "1/2-1/2"]
[WhiteElo "2018"]
[BlackElo "2082"]
[EventDate "2014.10.15"]
[Board "9"]
[WhiteTeam "Venezuela"]
[BlackTeam "Canada"]

1.d4 Nf6 2.Nc3 d5 3.Bg5 c5 4.e3 cxd4 5.exd4 Nc6 6.Bb5 Bf5 7.Nf3 h6 8.Bxf6 
exf6 9.O-O Be7 10.Nh4 Be6 11.Re1 O-O 12.Ng6 Re8 13.Nxe7+ Rxe7 14.Bxc6 bxc6
15.Na4 Qc7 16.Qd2 Rae8 17.c3 h5 18.f3 h4 19.Nc5 Qb8 20.b4 Bc8 21.Rxe7 Rxe7
22.Re1 Rxe1+ 1/2-1/2

[Event "Canada vs. Venezuela"]
[Site "CCCA"]
[Date "2014.10.15"]
[Round "1"]
[White "Giroux, Marc"]
[Black "Alejos, Pedro Alejandro"]
[Result "1/2-1/2"]
[WhiteElo "2099"]
[BlackElo "2041"]
[EventDate "2014.10.15"]
[Board "7"]
[WhiteTeam "Canada"]
[BlackTeam "Venezuela"]

1.e4 g6 2.d4 Bg7 3.c4 d6 4.Nc3 Nc6 5.Be3 e5 6.d5 Nce7 7.c5 f5 8.Bb5+ Kf8 
9.Nf3 h6 10.O-O Nf6 11.Qb3 Kg8 12.Bd3 Kh7 13.a4 Rf8 14.a5 fxe4 15.Bxe4 Nf5
16.cxd6 cxd6 17.Qb4 Bd7 18.Bxf5 Bxf5 19.h3 Rf7 20.Rfd1 a6 21.Nd2 Rc8 22.
Nc4 Bf8 23.Nb6 Rcc7 24.Rac1 g5 25.f3 Kg7 26.Re1 Kg8 27.Nc4 Qd7 28.Bb6 Rc8 
29.Bf2 Qd8 30.Nb6 Rcc7 1/2-1/2

[Event "Canada vs. Venezuela"]
[Site "CCCA"]
[Date "2014.10.15"]
[Round "2"]
[White "Alejos, Pedro Alejandro"]
[Black "Giroux, Marc"]
[Result "1/2-1/2"]
[WhiteElo "2041"]
[BlackElo "2099"]
[EventDate "2014.10.15"]
[Board "7"]
[WhiteTeam "Venezuela"]
[BlackTeam "Canada"]

1.d3 d5 2.g3 e5 3.Nf3 Nc6 4.Bg2 Nf6 5.O-O Be7 6.a3 O-O 7.b4 e4 8.Nfd2 Bf5 
9.Nc3 Qc8 10.Bb2 Rd8 11.Qc1 Qe6 12.Nb3 Bh3 13.Nb5 Bxg2 14.Kxg2 Qd7 15.Rd1 
a6 16.N5d4 Nxd4 17.Nxd4 c5 18.bxc5 Bxc5 19.Qg5 h6 20.Qf5 Qe8 21.e3 Rac8 
22.Rac1 Bd6 23.Ne2 Nh7 24.h4 b5 25.Nd4 Rc5 26.dxe4 dxe4 27.Qg4 Nf6 28.Qe2 
Be5 29.c4 Rdc8 30.cxb5 Bxd4 31.exd4 Rxc1 32.Rxc1 Rxc1 33.Bxc1 axb5 34.Qc2 
Qd7 35.Qc5 Nd5 36.Bd2 Kh7 37.Bc1 1/2-1/2

[Event "Canada vs. Venezuela"]
[Site "CCCA"]
[Date "2014.10.15"]
[Round "1"]
[White "Rosenhek, Marvin"]
[Black "García Rosales, José Alexander"]
[Result "1/2-1/2"]
[WhiteElo "2081"]
[BlackElo "2017"]
[EventDate "2014.10.15"]
[Board "10"]
[WhiteTeam "Canada"]
[BlackTeam "Venezuela"]

1.Nf3 c5 2.c4 Nf6 3.Nc3 Nc6 4.d4 cxd4 5.Nxd4 e6 6.g3 Qb6 7.Nb3 Ne5 8.e4 
Bb4 9.Qe2 d6 10.f4 Nc6 11.Be3 Bxc3+ 12.bxc3 Qc7 13.Bg2 O-O 14.c5 dxc5 15.
Bxc5 Rd8 16.e5 Na5 17.Bb4 Nxb3 18.axb3 Nd5 19.Qc4 Qd7 20.Qd4 Nxb4 21.Qxd7 
Bxd7 22.cxb4 Bb5 23.Bxb7 Rab8 24.Bg2 Rd3 25.O-O Rxb3 26.Rfb1 Rxb1+ 27.Rxb1
g6 28.Kf2 Rc8 29.Be4 Rc3 1/2-1/2

[Event "Canada vs. Venezuela"]
[Site "CCCA"]
[Date "2014.10.15"]
[Round "2"]
[White "García Rosales, José Alexander"]
[Black "Rosenhek, Marvin"]
[Result "1-0"]
[WhiteElo "2017"]
[BlackElo "2081"]
[EventDate "2014.10.15"]
[Board "10"]
[WhiteTeam "Venezuela"]
[BlackTeam "Canada"]

1.e4 c5 2.Nf3 d6 3.d4 cxd4 4.Nxd4 Nf6 5.Nc3 a6 6.Bg5 e6 7.f4 Qb6 8.Nb3 Be7
9.Qf3 Nc6 10.O-O-O O-O 11.Bxf6 Bxf6 12.Rxd6 a5 13.a4 Qb4 14.e5 Be7 15.Rd2 
f6 16.Bd3 g6 17.exf6 Bxf6 18.Bb5 Na7 19.Bd7 Nc6 20.Bxc6 bxc6 21.Qxc6 Ra6 
22.Qc7 Bb7 23.Rhd1 Rc8 24.Qd7 Rb8 25.Qd3 Qxf4 26.Rf1 Qe5 27.Rxf6 Qxf6 28.
Nc5 Raa8 29.Nd7 Qe7 30.Qb5 Ba6 31.Qe5 Rf8 32.Nxf8 Rxf8 33.Qxa5 Bb7 34.Kb1 
Bc6 35.Qe5 Rf5 36.Qd4 Rf1+ 37.Ka2 Rf8 38.b4 1-0

[Event "Canada vs. Venezuela"]
[Site "CCCA"]
[Date "2014.10.15"]
[Round "1"]
[White "Allenby, Edward"]
[Black "Galué, Marcos"]
[Result "1/2-1/2"]
[WhiteElo "2024"]
[BlackElo "2007"]
[EventDate "2014.10.15"]
[Board "11"]
[WhiteTeam "Canada"]
[BlackTeam "Venezuela"]

1.Nf3 Nf6 2.g3 g6 3.Bg2 Bg7 4.O-O O-O 5.c4 c6 6.d4 d5 7.cxd5 cxd5 8.Nc3 
Nc6 9.Ne5 Bf5 10.Nxc6 bxc6 11.Bf4 Nd7 12.Rc1 Rc8 13.Re1 Qb6 14.e4 dxe4 15.
Bxe4 Bxe4 16.Rxe4 e6 17.Re2 Rfd8 18.Rd2 Nf6 19.Be5 Qa5 20.a3 Nd5 21.Bxg7 
Nxc3 22.Rxc3 Kxg7 23.Rc5 Qb6 24.b4 Rd6 25.Qb3 Rcd8 26.Qc3 Kg8 27.Kg2 R8d7 
28.h3 Qb7 29.Kh2 h5 30.h4 Qb6 31.f4 Kh7 1/2-1/2

[Event "Canada vs. Venezuela"]
[Site "CCCA"]
[Date "2014.10.15"]
[Round "2"]
[White "Galué, Marcos"]
[Black "Allenby, Edward"]
[Result "1-0"]
[WhiteElo "2007"]
[BlackElo "2024"]
[EventDate "2014.10.15"]
[Board "11"]
[WhiteTeam "Venezuela"]
[BlackTeam "Canada"]

1.d4 Nf6 2.Bg5 d5 3.Nc3 e6 4.Nf3 Nbd7 5.e3 Be7 6.Bd3 O-O 7.O-O c6 8.Re1 c5
9.b3 h6 10.Bf4 Nh5 11.Be5 c4 12.bxc4 Bb4 13.Nb5 Bxe1 14.Qxe1 Nxe5 15.dxe5 
Bd7 16.Nd6 Bc6 17.c5 g6 18.Rb1 Rb8 19.Nd4 Ng7 20.f4 Qc7 21.Qh4 h5 22.Qg5 
Kh7 23.h3 b6 24.Nxc6 Qxc6 25.Nxf7 1-0

[Event "Canada vs. Venezuela"]
[Site "CCCA"]
[Date "2014.10.15"]
[Round "1"]
[White "Sharpe, Sam"]
[Black "Zowain, Luis"]
[Result "1/2-1/2"]
[WhiteElo "2180"]
[BlackElo "2074"]
[EventDate "2014.10.15"]
[Board "6"]
[WhiteTeam "Canada"]
[BlackTeam "Venezuela"]

1.e4 e5 2.f4 exf4 3.Nf3 Be7 4.Bc4 Bh4+ 5.Kf1 Be7 6.d4 Nf6 7.e5 Ne4 8.Bd5 
Ng5 9.Bxf4 O-O 10.Nc3 Nc6 1/2-1/2

[Event "Canada vs. Venezuela"]
[Site "CCCA"]
[Date "2014.10.15"]
[Round "2"]
[White "Zowain, Luis"]
[Black "Sharpe, Sam"]
[Result "0-1"]
[WhiteElo "2074"]
[BlackElo "2180"]
[EventDate "2014.10.15"]
[Board "6"]
[WhiteTeam "Venezuela"]
[BlackTeam "Canada"]

1.e4 c6 2.d4 d5 3.e5 Bf5 4.g4 Be4 5.Nf3 e6 6.Nbd2 Bg6 7.c3 Nd7 8.Be2 h5 9.
g5 h4 10.a4 a5 11.O-O Ne7 12.Re1 Rc8 13.Nb3 h3 14.Bd2 Nf5 15.c4 dxc4 16.
Bxc4 Ra8 17.Bd3 Be7 18.Be4 Kf8 19.Qc2 Kg8 20.Qc3 Nb6 21.Qd3 Nd5 22.Kh1 b6 
23.Rec1 Qd7 24.Rc4 Bb4 25.Rac1 Rd8 26.Qe2 Nfe3 27.fxe3 Bxe4 28.Rg1 c5 29.
Rg4 Bf5 30.dxc5 Bxg4 31.Rxg4 Qxa4 32.Qd3 Rd7 33.g6 f5 34.Rg3 Bxd2 35.Nfxd2
Qc6 36.e4 Ne7 37.Qc4 fxe4 38.Nd4 Qd5 39.Qxd5 Rxd5 40.N4b3 e3 41.Rxe3 bxc5 
42.Nf3 Nxg6 0-1

[Event "Canada vs. Venezuela"]
[Site "CCCA"]
[Date "2014.10.15"]
[Round "1"]
[White "Taylor, Bob"]
[Black "Yurick, Leon"]
[Result "1-0"]
[WhiteElo "2088"]
[BlackElo "2040"]
[EventDate "2014.10.15"]
[Board "8"]
[WhiteTeam "Canada"]
[BlackTeam "Venezuela"]

1.d4 d5 2.c4 e6 3.Nf3 Nf6 4.g3 dxc4 5.Bg2 Nc6 6.Qa4 Nd7 7.Qxc4 Nb6 8.Qb5 
Qd5 9.Nc3 Bb4 10.Qd3 e5 11.O-O Bxc3 12.Nxe5 Qxd4 13.Nxc6 Qxd3 14.exd3 Bf6 
15.Re1+ Be6 16.Na5 O-O 17.Bxb7 Rad8 18.Be4 Na4 19.Nc6 Rde8 20.Rb1 Bd5 21.
Nb4 Bb7 22.Bf4 Bxe4 23.Rxe4 Rxe4 24.dxe4 c5 25.e5 Bxe5 26.Bxe5 cxb4 27.Bd6
Rc8 28.Bxb4 f6 29.b3 Nc3 30.Bxc3 Rxc3 31.Rd1 Rc7 32.Kg2 Kf7 33.Rd6 a5 34.
Ra6 Rc5 35.Ra7+ Kg6 36.Rb7 a4 37.bxa4 Rc2 38.a5 Rxa2 39.Rb5 Kh6 40.Kf3 g6 
41.Ke3 g5 42.h3 Kg6 43.g4 h5 44.f3 Ra3+ 45.Ke4 h4 46.Rf5 Ra1 47.Rb5 Ra3 
48.Rd5 Kf7 49.Rf5 Ra2 50.Kd4 Rh2 51.Kc4 Rxh3 52.a6 Rh2 53.Ra5 Rc2+ 54.Kd5 
Rd2+ 55.Ke4 Re2+ 56.Kf5 Rb2 57.Rc5 Ke7 58.a7 Ra2 59.Rc7+ Kd6 60.Rh7 Ra5+ 
61.Kxf6 Kc6 62.a8=Q+ Rxa8 63.Kxg5 Kd5 64.Kxh4 Rf8 65.Kg3 1-0

[Event "Canada vs. Venezuela"]
[Site "CCCA"]
[Date "2014.10.15"]
[Round "2"]
[White "Yurick, Leon"]
[Black "Taylor, Bob"]
[Result "1/2-1/2"]
[WhiteElo "2040"]
[BlackElo "2088"]
[EventDate "2014.10.15"]
[Board "8"]
[WhiteTeam "Venezuela"]
[BlackTeam "Canada"]

1.e4 e5 2.Nf3 Nc6 3.Bb5 a6 4.Ba4 Nf6 5.O-O Be7 6.Re1 b5 7.Bb3 d6 8.c3 O-O 
9.h3 Nb8 10.d4 Nbd7 11.Nbd2 Bb7 12.Re2 c5 13.d5 c4 14.Bc2 Qc7 15.Nf1 a5 
16.Ng3 g6 17.Re1 Rfc8 18.Bh6 Ba6 19.Qd2 Nc5 20.Nf5 Bf8 21.Bg5 Nh5 22.Nh6+ 
Kh8 23.g4 f6 24.Be3 Ng7 25.g5 Nh5 26.Ng4 Bg7 27.gxf6 Nxf6 28.Ng5 Qe7 29.b4
axb4 30.cxb4 Nb7 31.Ne6 Qd7 32.Qd1 Nh5 33.a4 Nd8 34.Nxg7 Qxg7 35.axb5 Bxb5
36.Ra5 Rab8 37.Qf3 Qf7 38.Qxf7 Nxf7 39.Ra7 Kg8 40.Rea1 c3 41.Kg2 g5 42.h4 
h6 43.Rxf7 Kxf7 44.Nxh6+ Kg6 45.hxg5 Ra8 46.Rc1 Be2 47.Re1 Bb5 48.Nf5 Rd8 
49.Kf3 Ra2 50.Rc1 Rf8 51.Kg2 Ra6 52.Nh4+ Kh7 53.Bd1 Nf4+ 54.Kg3 Ra3 55.Bg4
Bd3 56.Bf5+ Rxf5 57.g6+ Kg8 58.Nxf5 Ne2+ 59.Kf3 Nxc1 60.Bxc1 Ra7 61.Nxd6 
Kg7 62.Nf7 Ra1 63.Be3 c2 64.Nxe5 Bb5 65.Bd2 Kf6 66.Nf7 c1=Q 67.Bxc1 Rxc1 
1/2-1/2

[Event "Canada vs. Venezuela"]
[Site "CCCA"]
[Date "2014.10.15"]
[Round "1"]
[White "Hryniw, Michael"]
[Black "Ramirez, Jonathan"]
[Result "1/2-1/2"]
[WhiteElo "2294"]
[BlackElo "2260"]
[EventDate "2014.10.15"]
[Board "2"]
[WhiteTeam "Canada"]
[BlackTeam "Venezuela"]

1.c4 e5 2.e4 Nc6 3.d3 Bc5 4.Be3 d6 5.Nf3 Nd4 6.Nxd4 exd4 7.Bf4 Ne7 8.Be2 
O-O 9.O-O f5 10.exf5 Bxf5 11.Nd2 Bg6 12.Bg3 a5 13.Qc2 Nf5 14.Bf3 c6 15.Be4
a4 16.a3 Bb6 17.Rae1 Qd7 18.Nf3 Bh5 19.Nd2 1/2-1/2

[Event "Canada vs. Venezuela"]
[Site "CCCA"]
[Date "2014.10.15"]
[Round "2"]
[White "Ramirez, Jonathan"]
[Black "Hryniw, Michael"]
[Result "1-0"]
[WhiteElo "2260"]
[BlackElo "2294"]
[EventDate "2014.10.15"]
[Board "2"]
[WhiteTeam "Venezuela"]
[BlackTeam "Canada"]

1.e4 c5 2.Nf3 d6 3.d4 cxd4 4.Nxd4 Nf6 5.Nc3 g6 6.Be3 Bg7 7.f3 a6 8.Qd2 
Nbd7 9.g4 b5 10.h4 h5 11.g5 Nh7 12.f4 Bb7 13.f5 Nhf8 14.O-O-O Be5 15.Kb1 
Rc8 16.Bg2 Nb6 17.Qf2 Nc4 18.Bc1 Nd7 19.Nd5 Bxd4 20.Qxd4 Nce5 21.fxg6 fxg6
22.Rdf1 Rc4 23.Qd2 Bxd5 24.exd5 Nc5 25.Qe1 Rg4 26.Rf2 Qb6 27.Rhf1 Rxh4 28.
Re2 Rg4 29.Bh3 Ncd7 30.Bxg4 hxg4 31.Re4 Qb7 32.b3 Rh5 33.Qc3 Kd8 34.Qd4 
Qb6 35.Qd1 Qb7 36.Bd2 Qb6 37.Bf4 Qc5 38.Be3 Qc7 39.a4 Qb7 40.Qd2 Rh3 41.
Rd1 bxa4 42.Rb4 Qc8 43.Rxa4 Qb7 44.Rb4 Qa8 45.Kb2 Ke8 46.Qe2 Qc8 47.Ra1 
Nc5 48.Rf1 Ncd7 49.Ra4 Rf3 50.Rh1 Qb7 51.Qd2 Rf8 52.Qa5 e6 53.Rh7 exd5 54.
Rb4 Qc6 55.Bd4 Rf7 56.Rh8+ 1-0

[Event "Canada vs. Venezuela"]
[Site "CCCA"]
[Date "2014.10.15"]
[Round "1"]
[White "Prystenski, Arthur"]
[Black "Verenzuela, Jesus"]
[Result "0-1"]
[WhiteElo "2251"]
[BlackElo "2212"]
[EventDate "2014.10.15"]
[Board "4"]
[WhiteTeam "Canada"]
[BlackTeam "Venezuela"]

1.d4 Nf6 2.c4 e6 3.Nc3 Bb4 4.f3 O-O 5.a3 Bxc3+ 6.bxc3 Nc6 7.e4 d6 8.Bd3 
Na5 9.Ne2 Nd7 10.Qa4 b6 11.O-O Ba6 12.Rb1 Qe8 13.Ng3 Nf6 14.Qc2 Bxc4 15.
Bg5 Nd7 16.Bxc4 Nxc4 17.Qd3 Na5 18.Rfd1 h6 19.Bd2 Qe7 20.c4 Nc6 21.Be3 
Rfd8 22.Qe2 Rab8 23.f4 Qh4 24.Qf3 Nf6 25.h3 Nd7 26.Rbc1 Na5 27.Bd2 Kh7 28.
Rc2 Qe7 29.Rf1 f6 30.Qe3 Nb7 31.Bc3 Re8 32.Qf3 e5 33.fxe5 dxe5 34.d5 Qf7 
35.Be1 a5 36.Bf2 g6 37.h4 h5 38.Rc3 Rf8 39.Qe2 Qe8 40.Rf3 Rf7 41.Re1 Nd6 
42.Qc2 Qe7 43.Nf1 f5 44.exf5 gxf5 45.Ng3 e4 46.Rf4 Qe5 47.Be3 Nf6 48.Ne2 
Ng4 49.Bd4 Qe7 50.g3 Ne5 51.Bxe5 Qxe5 52.Rb1 Nb7 53.Qb2 Qxb2 54.Rxb2 Rg8 
55.Rb1 Kg7 56.Rbf1 Nd6 57.Rc1 Kf6 58.Kh2 Ke5 59.Rff1 Nb7 60.Nf4 Rg4 61.d6 
Kxd6 62.Nxh5 Nc5 63.Nf4 Rxf4 64.Rcd1+ Nd3 65.Rxf4 Kc5 66.Rff1 Kxc4 67.Kg2 
b5 0-1

[Event "Canada vs. Venezuela"]
[Site "CCCA"]
[Date "2014.10.15"]
[Round "2"]
[White "Verenzuela, Jesus"]
[Black "Prystenski, Arthur"]
[Result "1/2-1/2"]
[WhiteElo "2212"]
[BlackElo "2251"]
[EventDate "2014.10.15"]
[Board "4"]
[WhiteTeam "Venezuela"]
[BlackTeam "Canada"]

1.e4 e6 2.d4 d5 3.Nd2 Be7 4.e5 c5 5.Qg4 Kf8 6.Qg3 Nh6 7.dxc5 Nf5 8.Qc3 d4 
9.Qc4 Nc6 10.Ngf3 Qc7 11.Qe2 Bxc5 12.Qe4 b6 13.Bd3 Bb7 14.Qe2 Nfe7 15.O-O 
Ng6 16.Nc4 Rc8 17.Rd1 Ba6 18.b3 Bxc4 19.Bxc4 Ngxe5 20.Bf4 Nxf3+ 21.Qxf3 e5
22.Bd2 Qe7 23.Re1 Qf6 24.Qe4 Qg6 25.Qd5 Rd8 26.Qf3 Qf6 27.Qg3 h6 28.Re4 g6
29.Bd3 Qe6 30.Bc4 Qd6 31.a3 a5 32.Rf1 Rd7 33.Bd3 g5 34.Qh3 Qe6 35.Rg4 Ke7 
36.Qf3 Qd6 37.h4 f6 38.Ra1 Rc7 39.b4 axb4 40.hxg5 hxg5 41.Rxg5 bxa3 42.Rg6
e4 43.Qxe4+ Qe5 44.Rg7+ Kd6 45.Bf4 Rxg7 46.Bxe5+ Nxe5 47.Qf4 Rf8 48.g3 Re7
49.Qh6 Ref7 50.Bf5 Re8 51.Qc1 Kc7 52.Rxa3 Bxa3 53.Qxa3 Nc6 54.Qf3 Rd8 55.
Bh3 Rd6 56.Qg4 Rfd7 57.Qg8 Rd8 58.Qf7+ Kb8 59.Bf5 Ne5 60.Qa2 Nc6 61.Qb3 
Kc7 62.Qf7+ Kb8 63.f4 b5 64.g4 b4 65.Kf2 Na5 66.Bd3 Nc6 67.Bf5 Na5 68.g5 
fxg5 69.fxg5 b3 70.cxb3 d3 71.Bg4 d2 72.Qf4 Nb7 73.Bf3 Ka7 74.Bd1 Kb6 75.
Qe3+ Kc7 76.b4 R8d7 77.Qg3 1/2-1/2

[Event "Canada vs. Venezuela"]
[Site "CCCA"]
[Date "2014.10.15"]
[Round "1"]
[White "Che, Tai"]
[Black "Sayas, Roberto"]
[Result "1/2-1/2"]
[WhiteElo "1647"]
[BlackElo "1712"]
[EventDate "2014.10.15"]
[Board "19"]
[WhiteTeam "Canada"]
[BlackTeam "Venezuela"]

1.d4 d5 2.Nf3 e6 3.c4 Be7 4.Nc3 c6 5.a3 Nf6 6.Bg5 O-O 7.Bxf6 Bxf6 8.e3 Qd6
9.c5 Qc7 10.h4 Nd7 11.Bd3 e5 12.Bf5 exd4 13.exd4 Re8+ 14.Ne2 Qf4 15.Qd3 
Nf8 16.Bxc8 Raxc8 17.O-O Qg4 18.Ng3 Ng6 19.Qf5 Qxf5 20.Nxf5 Re2 21.Rab1 
Rce8 22.h5 Nf4 23.g4 Nh3+ 24.Kg2 Nf4+ 25.Kg3 Nd3 26.Nd6 R8e7 27.g5 Bxg5 
28.Nxg5 h6 29.Nf3 g6 30.hxg6 fxg6 31.b4 Kh7 32.Rb3 Nb2 33.Ne5 Rd2 34.a4 
Nxa4 35.Rd3 1/2-1/2

[Event "Canada vs. Venezuela"]
[Site "CCCA"]
[Date "2014.10.15"]
[Round "2"]
[White "Sayas, Roberto"]
[Black "Che, Tai"]
[Result "1-0"]
[WhiteElo "1712"]
[BlackElo "1647"]
[EventDate "2014.10.15"]
[Board "19"]
[WhiteTeam "Venezuela"]
[BlackTeam "Canada"]

1.e4 c5 2.Nf3 e6 3.d4 cxd4 4.Nxd4 a6 5.Be2 Bc5 6.Nb3 Ba7 7.O-O b5 8.Qd6 
Qb6 9.Qg3 Qd8 10.Qxg7 Qf6 11.Qg3 Qg6 12.Qc3 Nc6 13.Qxh8 Bb7 14.Bd3 O-O-O 
15.Qc3 Kb8 16.Na5 Nge7 17.Nxb7 Kxb7 18.a4 Bd4 19.Qb3 b4 20.c3 Ba7 21.cxb4 
Ne5 22.b5 a5 23.Nd2 Nxd3 24.Qxd3 d5 25.Nb3 Bb6 26.Be3 dxe4 27.Qc3 Rc8 28.
Nxa5+ 1-0